000 00294nam a22001337a 4500
008 181031b xxu||||| |||| 00| 0 eng d
020 _a9781563638008
041 _aeng
080 _a615
100 _a5
101 _aSHF
245 _aPhysicians' Desk Reference
_cFotsch, E
942 _2udc
_cBK
999 _c51293
_d51293